|
|
|
|
| LEADER |
00000nam a2200000 4500 |
| 001 |
vtls012273128 |
| 003 |
SK-MaSNL |
| 005 |
20260301232121.0 |
| 008 |
250312t xo a r 000 0 ger |
| 015 |
|
|
|a SNKHFA
|
| 040 |
|
|
|a SNKHF
|b slo
|c SNK
|e rda
|
| 041 |
0 |
|
|a hun
|
| 044 |
|
|
|a xo
|c SK
|
| 072 |
|
7 |
|a 655
|x Polygrafia. Vydavateľstvá a knižný obchod
|2 konspekt
|
| 072 |
|
7 |
|a 93/94
|x Dejiny (všeobecne)
|2 konspekt
|
| 080 |
|
|
|a 655.3.066.23
|2 2011
|
| 080 |
|
|
|a 783.6
|2 2011
|
| 100 |
1 |
|
|a Kregár, István László
|4 aut
|9 625264
|
| 245 |
1 |
|
|a Údvezlés, Mellyet, midön ama Nagy-Kedyelmü, Nagy-Tiszteletü, Nagy-Nehmü, Nagy-Érdemü Méltóságos Kegyelmes Ur, Keresztseghi Gróff Cháky Miklós, Szepes-Földenek Örörös Ura Szentséges Romai Birodalomnak Hertzege
|c Isten és Apostoli Romai Sz. Széknek Kegyelméböl Esztergami Érsek ; Tekentetés Nemes És Vitézló Kregár István László
|
| 264 |
|
3 |
|a Nagy-Szombatban
|b Nyomtattatot Az Academiai Bötükkel
|c 1752
|
| 300 |
|
|
|a 4 nečíslovaných strán
|c 31 cm
|
| 336 |
|
|
|a text
|b txt
|2 rdacontent
|
| 337 |
|
|
|a bez média
|b n
|2 rdamedia
|
| 338 |
|
|
|a zväzok
|b nc
|2 rdacarier
|
| 500 |
|
|
|a Kustody, vineta, ozdobné linky, iniciála s ornamentálnym pozadím na 10 riadkov
|
| 501 |
|
|
|a Príväzok 15. k: HYROŠ, Samuel. Oratio de Laudibus Excellentissimi, Illustrissimi, ac Reverendissimi Domini Ioannis Gvsztini Dei Et Apostolicae Sedis Gratia Episcopi Nittriensis Loci. [Trnava] : Typis Tirnaviensibus, 1777.
|5 SNK SB 4970
|
| 600 |
1 |
7 |
|a Čáki, Mikuláš,
|d 1698-1757
|2 SNKMA
|9 124188
|
| 650 |
0 |
7 |
|a dejiny
|2 SNKPH
|9 3825
|
| 650 |
0 |
7 |
|a príležitostné tlače
|2 SNKPH
|9 88198
|
| 650 |
0 |
7 |
|a kázne
|2 SNKPH
|9 1954
|
| 710 |
2 |
|
|a Akademická tlačiareň (Trnava, Slovensko)
|4 prt
|9 232890
|
| 752 |
|
|
|a Slovensko
|d Trnava
|
| 852 |
|
|
|a Slovenská národná knižnica
|p SB 4970
|
| 958 |
|
|
|a ONDV
|
| 958 |
|
|
|a DD
|
| 999 |
|
|
|c 960487
|d 962417
|
| 952 |
|
|
|a SNK
|b SNK
|y PREZ
|7 0
|p 17A1567435
|o snkSB 4970/prív.15
|i snkKSF 1395/1958
|8 5
|0 0
|1 0
|4 0
|d 2025-03-12
|l 0
|r 2026-02-24 10:17:22
|w 2026-02-24
|